000 00759nam a2200253Ia 4500
003 OSt
005 20220930083932.0
006 a|||||r|||| 00| 0
007 ta
008 220926b |||||||| |||| 00| 0 hin d
024 _a80318
037 _cTheses
040 _aCRL
_cCRL
_bhin
041 _2hin
_ahin
100 _aSharma Prabhat
110 _aUniversity of Delhi. Faculty of Arts. Department of Hindi
245 0 _aSamsaamyik natakon mein itihaas drishti aur samkaleen bodh
260 _c2003
650 _aHINDI LITERATURE
_923866
700 _a Dr. Pratap Sehgal Gu.
_9536410
700 _aUniversity of Delhi. Faculty of Arts. Department of Hindi
942 _cDIS
_2CC
999 _c876356
_d876356